Ambedkar's thoughts on dalits politics and women empowerment / (Record no. 151132)

MARC details
000 -LEADER
fixed length control field 00562nam a22001817a 4500
005 - DATE AND TIME OF LATEST TRANSACTION
control field 20180412151727.0
010 ## - LCCN (DPL NO)
LC control number ENG-122563
020 ## - INTERNATIONAL STANDARD BOOK NUMBER
International Standard Book Number 9788174792051
Terms of availability 950.00
035 ## - SYSTEM CONTROL NUMBER
System control number EN-106095
037 ## - SOURCE OF ACQUISITION
Source of stock number/acquisition DBAD/PUB
082 ## - DEWEY DECIMAL CLASSIFICATION NUMBER
Classification number 305.56880954
100 ## - MAIN ENTRY--PERSONAL NAME
Personal name
245 ## - TITLE STATEMENT
Title Ambedkar's thoughts on dalits politics and women empowerment /
Statement of responsibility, etc ed. by Binay Barman
260 ## - PUBLICATION, DISTRIBUTION, ETC. (IMPRINT)
Place of publication, distribution, etc New Delhi
Name of publisher, distributor, etc Kaveri Books
Date of publication, distribution, etc 2017
270 ## - ADDRESS
Address 4832/24, Ansari Road, Darya Ganj,
City New Delhi
Postal code 110002
300 ## - PHYSICAL DESCRIPTION
Extent 290 p.
Dimensions 21cm.(Hb)
942 ## - ADDED ENTRY ELEMENTS (KOHA)
Source of classification or shelving scheme Dewey Decimal Classification
Item type English Books
Call number suffix AMB
Classification part 305.56880954
Holdings
Withdrawn status Lost status Not for loan Collection code Home library Current library Date acquired Source of acquisition Cost, normal purchase price Full call number Barcode Copy number Cost, replacement price Koha item type
      Non-fiction Shahdara Branch Shahdara Branch 12/04/2018 DBAD/PUB 950.00 305.56880954 AMB EN-106095 1 950.00 English Books

© Delhi Public Library
Hit Counter
free hit counter